00417nam a2200181Ia 4500008004100000020001800041050001400059100002000073245002300093245002000116260001500136260001600151260000900167300001400176300002700190300001000217500000800227170918s9999 xx 000 0 und d a9780545291026 bR994 1996 aRylant, Cynthia 4aThe bookshop dog / cCynthia Rylant. aNew York : bScholastic, c1996 aunpaged : bcolored illustration ; c26cm. a340